[Event "Llucmajor op 5th"]
[Site "Llucmajor"]
[Date "2016.05.11"]
[Round "5"]
[White "Edouard, Romain"]
[Black "Rakhmanov, Alexander"]
[Result "1/2-1/2"]
[WhiteElo "2641"]
[BlackElo "2654"]
[PlyCount "33"]
[EventDate "2016.05.08"]
[EventType "swiss"]
[EventRounds "9"]
[EventCountry "ESP"]
[SourceTitle "CBM 172 Extra"]
[Source "ChessBase"]
[SourceDate "2016.06.21"]
[SourceVersion "1"]
[SourceVersionDate "2016.06.21"]
[SourceQuality "1"]

1. d4 d5 2. c4 e6 3. Nc3 a6 4. cxd5 exd5 5. Bf4 c6 6. e3 Bd6 7. Bxd6 Qxd6 8. Bd3 Ne7 9. Qc2 Bg4 ({RR} 9... g6 10. f3 O-O 11. Nge2 Nf5 12. Qd2 Re8 13. O-O-O {1-0 (13) Grischuk,A (2771)-Ponomariov,R (2744) Moscow 2010}) 10. h3 ({RR} 10. f3 Bh5 11. Nge2 Nd7 12. Qd2 Bg6 13. O-O {½-½ (13) Timofeev,A (2569)-Rakhmanov,A (2655) Serpukhov 2018}) 10... Bh5 11. f4 f6 12. Nf3 $146 ({RR} 12. g4 Bg6 13. f5 Bf7 14. Nf3 c5 15. Qh2 Qxh2 16. Rxh2 c4 17. Bc2 b5 18. Kd2 Nbc6 19. Rg1 h6 20. h4 O-O-O 21. Ne2 Na5 22. Nf4 Nb7 23. g5 hxg5 24. hxg5 Rxh2+ 25. Nxh2 Nd6 26. gxf6 gxf6 {Rubio Mejia,L (2442)-Gascon del Nogal,J (2476) Linares 2018 ½-½ (39)}) ({RR} 12. g4 Bg6 13. f5 Bf7 14. O-O-O c5 15. dxc5 Qxc5 16. Qf2 Nbc6 17. Nf3 O-O-O 18. Nd4 Kb8 19. Kb1 Ne5 20. Nce2 N7c6 21. Nf4 Nxd4 22. exd4 Nxd3 23. Rxd3 Qd6 24. Re1 Rhe8 25. Rde3 Rxe3 26. Rxe3 Ka7 {Majumder Shrayan (2129)-Pycinski,W (2193) Krakow POL 2026 ½-½ (40)}) 12... Bg6 13. f5 Qg3+ 14. Kf1 Bh5 15. Ne2 Qd6 16. Kf2 Nd7 17. Nf4 1/2-1/2

[Event "Novy Bor m1"]
[Site "Novy Bor"]
[Date "2016.10.02"]
[Round "3"]
[White "Navara, David"]
[Black "Hammer, Jon Ludvig"]
[Result "1/2-1/2"]
[WhiteElo "2742"]
[BlackElo "2651"]
[PlyCount "105"]
[EventDate "2016.09.29"]
[EventType "match"]
[EventRounds "4"]
[EventCountry "CZE"]
[SourceTitle "CBM 175"]
[Source "ChessBase"]
[SourceDate "2016.11.10"]
[SourceVersion "1"]
[SourceVersionDate "2016.11.10"]
[SourceQuality "1"]

1. d4 d5 2. c4 e6 3. Nc3 a6 4. cxd5 exd5 5. Nf3 c6 6. Bf4 Bd6 7. Bxd6 Qxd6 8. e4 dxe4 9. Nxe4 Qe7 10. Qe2 Nh6 ({RR} 10... Nd7 11. O-O-O Ngf6 12. Nd6+ Kf8 13. Nxc8 Qxe2 14. Bxe2 Rxc8 15. Rhe1 Nb6 16. Nd2 g6 17. Bf3 Rc7 18. Re2 Kg7 19. Rde1 Nc8 20. Nb3 Rd8 21. g3 Kf8 22. Bg2 Nd6 23. Bh3 h5 24. Re5 b6 25. R5e2 {Navara,D (2700)-Indjic,A (2605) Belgrade 2022 ½-½ (40)}) 11. Nd6+ Kd8 12. Nxc8 $146 ({RR} 12. Qxe7+ Kxe7 13. Nc4 Be6 14. O-O-O Nd7 15. Bd3 Ng4 16. Rd2 h6 17. Re1 g5 18. Bf5 Ngf6 19. Bxe6 fxe6 20. Rde2 Nf8 21. Na5 Rb8 22. Ne5 Ke8 23. Nb3 Nd5 24. g3 Rh7 25. Nc5 Nc7 26. Kb1 Nb5 {Pfreundt,J (2399)-Wenzel,B (2079) Hamburg 2018 1-0 (39)}) 12... Qb4+ 13. Qd2 Re8+ 14. Ne5 Qxd2+ 15. Kxd2 Kxc8 16. Bc4 f6 17. Nf7 Nxf7 18. Bxf7 Rd8 19. Rae1 Rxd4+ 20. Kc3 c5 21. Re8+ Rd8 22. Rxd8+ Kxd8 23. Re1 b5 24. Re8+ Kc7 25. Rh8 Ra7 26. Rxh7 Kd6 27. Rxg7 Nc6 28. Rh7 Re7 29. h4 Re2 30. h5 Rxf2 31. h6 Rxg2 32. Rh8 Ne5 33. Bh5 Rh2 34. Rd8+ Kc7 35. h7 Rh3+ 36. Kc2 Rh2+ 37. Kd1 Rxh5 38. h8=Q Rxh8 39. Rxh8 a5 40. Rf8 Nd7 41. Re8 Kd6 42. b3 Nb6 43. Rf8 c4 44. Rxf6+ Kc5 45. Rf5+ Nd5 46. bxc4 Kxc4 47. Kd2 Nb4 48. Rf4+ Kc5 49. a3 Nd5 50. Rh4 b4 51. a4 Nb6 52. Rh5+ Kd4 53. Kc2 1/2-1/2

[Event "Zug FIDE GP"]
[Site "Zug"]
[Date "2013.04.23"]
[Round "5"]
[White "Caruana, Fabiano"]
[Black "Kasimdzhanov, Rustam"]
[Result "1-0"]
[WhiteElo "2772"]
[BlackElo "2709"]
[PlyCount "137"]
[EventDate "2013.04.18"]
[EventType "tourn"]
[EventRounds "11"]
[EventCountry "SUI"]
[EventCategory "21"]
[SourceTitle "CBM 154"]
[Source "ChessBase"]
[SourceDate "2013.05.15"]
[SourceVersion "1"]
[SourceVersionDate "2013.05.15"]
[SourceQuality "1"]

1. c4 e6 2. Nc3 d5 3. d4 Be7 4. cxd5 exd5 5. Bf4 c6 6. e3 Bf5 7. Nge2 Nd7 8. Ng3 Bg6 9. Be2 Qb6 10. Qd2 Ngf6 ({RR} 10... h5 11. h4 Nf8 12. e4 Ne6 13. Be3 Nf6 14. O-O-O O-O-O 15. e5 Ng4 16. Bd3 Bxd3 17. Qxd3 Kb8 18. Nge2 c5 19. Kb1 g6 20. dxc5 Bxc5 21. Na4 Qa5 22. Nxc5 Nxc5 23. Qc3 Qxc3 24. Nxc3 Nxe3 25. fxe3 {Abdusattorov,N (2777)-Erigaisi,A (2761) Tashkent UZB 2026 ½-½ (39)}) 11. h4 h5 12. a3 a5 13. Rd1 $146 ({RR} 13. Rc1 Kf8 14. O-O Qd8 15. Qd1 Nb6 16. Bg5 Nfd7 17. f4 Bxg5 18. fxg5 Qe7 19. e4 dxe4 20. Bxh5 Bxh5 21. Nxh5 g6 22. Nf4 Kg7 23. Qg4 Rae8 24. h5 Qd6 25. Nce2 Re7 26. Rc3 Nd5 27. Rb3 N7b6 {Dreev,A (2658)-Doettling,F (2542) France 2007 1-0 (34)}) ({RR} 13. Rc1 Kf8 14. Na4 Qd8 15. Bf3 Kg8 16. Qe2 Qf8 17. O-O Ng4 18. Nxh5 Bxh5 19. Bxg4 Bxg4 20. Qxg4 f5 21. Qg6 Bxh4 22. g3 Qf6 23. Qxf6 Bxf6 24. Kg2 Kf7 25. Rh1 Rxh1 26. Kxh1 Be7 27. Bc7 Bd8 {Hoang,T (2463)-Kayumov,S (2434) Budapest 2003 ½-½}) 13... O-O 14. Bf3 Rfe8 15. Bg5 Bd6 16. Nce2 Ne4 17. Bxe4 dxe4 18. O-O a4 19. Nc3 Bxg3 20. fxg3 Qa5 21. Qe2 Qa6 22. Qf2 f6 23. Bf4 Bf5 24. Rc1 Bg4 25. Rc2 Rad8 26. Na2 Nf8 27. Nb4 Qb5 28. Rc5 Qb6 29. Qc2 Ne6 30. Rc4 Qb5 31. Rc1 Kh8 32. Kh2 Kg8 33. Ra1 Rd7 34. Rc1 Rdd8 35. Qf2 Rd7 36. Na2 Qd5 37. Qf1 b5 38. Nb4 bxc4 39. Nxd5 cxd5 40. Qe1 Ra8 41. Qb4 Nxf4 42. gxf4 Kf7 43. Qb5 Kg6 44. Rf1 Raa7 45. Qb8 Kf5 46. Rf2 Rab7 47. Qa8 Ra7 48. Qh8 Rab7 49. Qh7+ g6 50. Qg8 Ra7 51. Qc8 Ke6 52. Qe8+ Kf5 53. Kg1 Rdc7 54. Kf1 Rd7 55. Ke1 Rdc7 56. Rc2 Rd7 57. Qg8 Rab7 58. Qa8 Ke6 59. Qxa4 Rb3 60. Kf2 Kf7 61. Qa8 Rdb7 62. Kg1 Rd7 63. Kf2 Rdb7 64. a4 Rxb2 65. Rxb2 Rxb2+ 66. Kg3 Be6 67. Qc6 Rb3 68. a5 Rxe3+ 69. Kh2 1-0

[Event "RUS-chT 20th"]
[Site "Loo"]
[Date "2013.04.11"]
[Round "5"]
[White "Svidler, Peter"]
[Black "Jakovenko, Dmitrij"]
[Result "1/2-1/2"]
[WhiteElo "2747"]
[BlackElo "2734"]
[PlyCount "75"]
[EventDate "2013.04.07"]
[EventType "team-swiss"]
[EventRounds "7"]
[EventCountry "RUS"]
[SourceTitle "CBM 154"]
[Source "ChessBase"]
[SourceDate "2013.05.15"]
[SourceVersion "1"]
[SourceVersionDate "2013.05.15"]
[SourceQuality "1"]
[WhiteTeam "Sankt Petersburg Chess Fed"]
[BlackTeam "Yugra"]
[WhiteTeamCountry "RUS"]
[BlackTeamCountry "RUS"]

1. d4 d5 2. c4 e6 3. Nc3 Be7 4. cxd5 exd5 5. Bf4 c6 6. e3 Bd6 7. Bxd6 Qxd6 8. Bd3 Ne7 9. Qc2 b6 10. e4 $146 ({RR} 10. Nge2 Ba6 11. Nf4 Bxd3 12. Nxd3 Nd7 13. O-O O-O 14. Rac1 Rfe8 15. b4 Rac8 16. Qa4 b5 17. Qa6 Qb8 18. a4 bxa4 19. Nxa4 Nb6 20. Ra1 Nc4 21. Nc3 Rc7 22. Rfb1 Rb7 23. b5 cxb5 24. Rxb5 Rxb5 {Tomashevsky,E (2706)-Garcia Cardenas,P (2422) Chess.com INT 2020 1-0 (32)}) ({RR} 10. Nf3 Ba6 11. O-O Bxd3 12. Qxd3 Nd7 13. e4 O-O 14. Rfe1 Rfe8 15. Rac1 dxe4 16. Nxe4 Qd5 17. Nc3 Qd6 18. Qc4 b5 19. Qb3 Nf5 20. Ne4 Qd5 21. Qxd5 cxd5 22. Nc3 Rxe1+ 23. Rxe1 Nf6 24. Re5 g6 {Nakamura,H (2787)-Fressinet,L (2687) Paris 2016 1-0 (54)}) ({RR} 10. Nf3 Ba6 11. Bxa6 Nxa6 12. O-O O-O 13. Rac1 Nc7 14. Rfd1 Ne6 15. Rd2 Rfc8 16. h3 Nf8 17. Ne5 Nd7 18. Nxd7 Qxd7 19. Qd1 Qf5 20. Ne2 Rc7 21. Rdc2 Rac8 22. b4 Qd7 23. Nf4 f6 24. Qf3 Qf5 {Dardha,D (2596)-Szczurek,K (2273) Katowice POL 2026 1-0 (52)}) ({RR} 10. Nf3 Ba6 11. O-O Bxd3 12. Qxd3 O-O 13. e4 Nd7 14. Rfe1 Rfe8 15. Rac1 dxe4 16. Nxe4 Qd5 17. Nc3 Qd6 18. Qc4 Nf8 19. Ne4 Qe6 20. Qa4 Qd5 21. Nc3 Qd6 22. Re4 Ne6 23. g3 Red8 24. Rd1 Nd5 {Sokolov,I (2699)-Roiz,M (2618) Sibenik 2012 ½-½ (41)}) 10... dxe4 11. Nxe4 Qb4+ 12. Nd2 Ba6 13. Ngf3 Bxd3 14. Qxd3 Nd7 15. O-O O-O 16. Ne4 Qa5 17. Rfe1 Qd5 18. Nc3 Qd6 19. Ne4 Qd5 20. Rad1 Ng6 21. Nc3 Qd6 22. d5 Nf6 23. Ne4 Nxe4 24. Qxe4 Rfd8 25. dxc6 Qxd1 26. c7 Qxe1+ 27. Qxe1 Rd7 28. h4 Nf8 29. h5 h6 30. Nh4 Rxc7 31. Nf5 Ne6 32. Qe4 Rd8 33. a4 Rcd7 34. b4 Nd4 35. Ne3 Ne6 36. Nf5 Nd4 37. Ne3 Ne6 38. Nf5 1/2-1/2

[Event "CRO-chT1A 21st"]
[Site "Sibenik"]
[Date "2012.09.30"]
[Round "8.22"]
[White "Sokolov, Ivan"]
[Black "Roiz, Michael"]
[Result "1/2-1/2"]
[WhiteElo "2699"]
[BlackElo "2618"]
[PlyCount "81"]
[EventDate "2012.09.23"]
[EventType "team-tourn"]
[EventRounds "9"]
[EventCountry "CRO"]
[SourceTitle "CBM 150 Extra"]
[Source "ChessBase"]
[SourceDate "2012.10.19"]
[SourceVersion "1"]
[SourceVersionDate "2012.10.19"]
[SourceQuality "1"]
[WhiteTeam "Zagreb Mladost"]
[BlackTeam "Djakovo"]
[WhiteTeamCountry "CRO"]
[BlackTeamCountry "CRO"]

1. d4 d5 2. c4 e6 3. Nc3 Be7 4. cxd5 exd5 5. Bf4 c6 6. e3 Bd6 7. Bxd6 Qxd6 8. Bd3 Ne7 9. Qc2 b6 10. Nf3 Ba6 11. O-O Bxd3 12. Qxd3 O-O 13. e4 Nd7 14. Rfe1 Rfe8 15. Rac1 dxe4 16. Nxe4 Qd5 17. Nc3 Qd6 18. Qc4 Nf8 $146 ({RR} 18... b5 19. Qb3 Nf5 20. Ne4 Qd5 21. Qxd5 cxd5 22. Nc3 Rxe1+ 23. Rxe1 Nf6 24. Re5 g6 25. Nxd5 Ng4 26. Re4 Rd8 27. Rxg4 Rxd5 28. Re4 Rd7 29. g4 Nd6 30. Re5 f6 31. Rd5 Rd8 32. g5 Kf7 33. gxf6 {Nakamura,H (2787)-Fressinet,L (2687) Paris 2016 1-0 (54)}) 19. Ne4 Qe6 20. Qa4 Qd5 21. Nc3 Qd6 22. Re4 Ne6 23. g3 Red8 24. Rd1 Nd5 25. Qc2 Rac8 26. Re5 Nf6 27. a3 h6 28. Qf5 Qd7 29. h4 Nc7 30. Qd3 Ncd5 31. Kg2 Qb7 32. Nxd5 cxd5 33. Re2 Ne4 34. Ne5 Qc7 35. Qb3 Qb7 36. f3 Nd6 37. Rde1 Re8 38. Qd3 Re6 39. h5 Rce8 40. b3 Qe7 41. f4 1/2-1/2

[Event "Grand Slam Final 5th"]
[Site "Sao Paulo/Bilbao"]
[Date "2012.10.13"]
[Round "10"]
[White "Anand, Viswanathan"]
[Black "Karjakin, Sergey"]
[Result "1/2-1/2"]
[WhiteElo "2780"]
[BlackElo "2778"]
[PlyCount "90"]
[EventDate "2012.09.24"]
[EventType "tourn"]
[EventRounds "10"]
[EventCountry "BRA"]
[EventCategory "22"]
[SourceTitle "CBM 151"]
[Source "ChessBase"]
[SourceDate "2012.11.13"]
[SourceVersion "1"]
[SourceVersionDate "2012.11.13"]
[SourceQuality "1"]

1. d4 d5 2. c4 c6 3. Nf3 Nf6 4. Nc3 dxc4 5. a4 e6 6. e4 Bb4 7. e5 Nd5 8. Bd2 b5 9. axb5 Bxc3 10. bxc3 cxb5 11. Ng5 Nc6 12. Qh5 Qe7 13. Be2 ({RR} 13. h4 g6 14. Qf3 h5 15. Ne4 O-O 16. Bg5 Qd7 17. Nf6+ Nxf6 18. Bxf6 Bb7 19. Qf4 Ne7 20. Qh6 {1-0 (20) Sarkar,J (2377)-Baskin,R (2390) Chess.com INT 2020}) 13... b4 14. O-O bxc3 15. Be3 Bb7 $146 ({RR} 15... Ncb4 16. Ne4 O-O 17. Bg5 f6 18. exf6 Nxf6 19. Bxc4 Qf7 20. Qxf7+ Rxf7 21. Nxf6+ gxf6 22. Bf4 a5 23. Rfc1 c2 24. Bd6 Rb7 25. Kf1 Bd7 26. Ke2 Rc8 27. Bc5 Bb5 28. Bxb5 Rxb5 29. Kd2 Na6 30. Ba3 {Shabalov,A (2611)-Volokitin,A (2692) Moscow 2010 0-1 (39)}) ({RR} 15... h6 16. Ne4 O-O 17. Bxc4 Ncb4 18. Bg5 f6 19. exf6 Qf7 20. Qxf7+ Rxf7 21. Bc1 Nxf6 22. Nxf6+ Rxf6 23. Ra3 Nd5 24. Bxd5 exd5 25. Rxc3 Ba6 26. Re1 {½-½ (26) Beliavsky,A (2641)-Khalifman,A (2628) Bazna 2008}) 16. Bg4 Ncb4 17. Nxe6 g6 18. Ng7+ Kf8 19. Qh6 Kg8 20. Bg5 Qf8 21. Bf6 Nxf6 22. exf6 Nd5 23. Bf3 Nxf6 24. Bxb7 Rd8 25. Ra6 Qxg7 26. Qg5 Rd7 27. Bf3 Ne8 28. Bc6 Rd6 29. Qe7 Qf8 30. Qxa7 Nf6 31. Qc5 Nd7 32. Qxc4 Nb8 33. Rb6 Nxc6 34. Rxc6 Rxc6 35. Qxc6 Qb4 36. Qe8+ Kg7 37. Qe5+ f6 38. Qc7+ Kh6 39. d5 Qd4 40. d6 Qd2 41. d7 c2 42. h4 Qd1 43. Qf4+ Kg7 44. Qc7 Kh6 45. Qf4+ Kg7 1/2-1/2

[Event "Poikovsky Karpov 17th"]
[Site "Poikovsky"]
[Date "2016.07.28"]
[Round "5"]
[White "Matlakov, Maxim"]
[Black "Motylev, Alexander"]
[Result "1/2-1/2"]
[WhiteElo "2684"]
[BlackElo "2660"]
[PlyCount "44"]
[EventDate "2016.07.23"]
[EventType "tourn"]
[EventRounds "9"]
[EventCountry "RUS"]
[EventCategory "18"]
[SourceTitle "CBM 174"]
[Source "ChessBase"]
[SourceDate "2016.09.13"]
[SourceVersion "1"]
[SourceVersionDate "2016.09.13"]
[SourceQuality "1"]

1. d4 d5 2. c4 c6 3. Nf3 Nf6 4. Nc3 dxc4 5. a4 e6 6. e4 Bb4 7. e5 Nd5 8. Bd2 b5 9. axb5 Bxc3 10. bxc3 cxb5 11. Ng5 Nd7 12. Qh5 Qe7 13. Be2 Bb7 14. Bf3 a6 ({RR} 14... a5 15. O-O Bc6 16. h4 N7b6 17. Ne4 O-O 18. Rae1 b4 19. Bg5 f6 20. exf6 gxf6 21. Bh6 Rfe8 22. Nc5 e5 23. dxe5 fxe5 24. Qg4+ Kh8 25. Ne6 Rg8 26. Qf5 Nd7 27. Ng5 Raf8 28. Bxf8 Rxf8 29. Qg4 {Harshavardhan,G (2428)-Iskusnyh,S (2443) chess.com INT 2023 1-0 (35)}) 15. O-O h6 16. Ne4 O-O 17. Bc1 $146 ({RR} 17. Rfe1 Bc6 18. Qg4 f5 19. exf6 N5xf6 20. Qh3 Bd5 21. Nxf6+ Qxf6 22. Bxd5 Qxf2+ 23. Kh1 exd5 24. Bxh6 Rae8 25. Be3 Qf5 26. Qxf5 Rxf5 27. Kg1 Rf6 28. Bg5 Rfe6 29. Rxe6 Rxe6 30. Kf2 Kf7 31. g4 Nf6 {Filip,L (2428)-Gavrilov,A (2501) Vaujany 2015 0-1 (41)}) 17... f6 18. Ba3 Qe8 19. Qxe8 Rfxe8 20. Nd6 Reb8 21. exf6 N7xf6 22. Rfe1 Bc6 1/2-1/2

[Event "Lake Sevan"]
[Site "Martuni"]
[Date "2016.07.18"]
[Round "1"]
[White "Pashikian, Arman"]
[Black "Hovhannisyan, Robert"]
[Result "1/2-1/2"]
[WhiteElo "2615"]
[BlackElo "2640"]
[PlyCount "65"]
[EventDate "2016.07.18"]
[EventType "tourn"]
[EventRounds "9"]
[EventCountry "ARM"]
[EventCategory "16"]
[SourceTitle "CBM 174"]
[Source "ChessBase"]
[SourceDate "2016.09.13"]
[SourceVersion "1"]
[SourceVersionDate "2016.09.13"]
[SourceQuality "1"]

1. d4 {Sagar,Shah} d5 2. c4 c6 3. Nc3 Nf6 4. e3 e6 5. b3 Bb4 6. Bb2 Ne4 7. Nge2 ({RR} 7. Qc2 e5 8. a3 Bxc3+ 9. Bxc3 Nxc3 10. Qxc3 dxc4 11. dxe5 cxb3 12. Bc4 b2 13. Rb1 O-O 14. Ne2 Qe7 15. O-O Nd7 16. f4 Nb6 17. Bb3 Be6 18. Bxe6 Qxe6 19. Qxb2 Nc4 20. Qxb7 Nd2 21. Nd4 Qg6 {Pashikian,A (2603)-Motylev,A (2665) Minsk 2017 0-1 (41)}) 7... O-O ({RR} 7... Qf6 8. f3 Bxc3+ 9. Bxc3 Nxc3 10. Nxc3 O-O 11. f4 c5 12. cxd5 cxd4 13. Qxd4 Qxd4 14. exd4 exd5 15. Nxd5 Nc6 16. Nc7 Rb8 17. d5 Ne7 18. O-O-O Rd8 19. Bc4 Kf8 20. Rhe1 Bg4 21. Rd2 Rbc8 22. h3 {Wojtaszek,R (2741)-Giri,A (2793) Baku 2015 CBM 169 [Sagar,Shah] 0-1 (41)}) ({RR} 7... Qa5 8. Qc2 O-O 9. a3 Bxc3+ 10. Nxc3 c5 11. dxc5 Nxc3 12. Qxc3 Qxc3+ 13. Bxc3 Nd7 14. b4 Ne5 15. Bxe5 a5 16. b5 a4 17. Be2 Bd7 18. Rb1 Rac8 19. O-O f6 20. Bd6 Rfd8 21. Rfd1 dxc4 22. Bxc4 {Shishkov,A (2340)-Al Tarbosh,W (2278) chess.com INT 2024 1-0 (47)}) 8. Qc2 $146 ({RR} 8. a3 Qf6 9. f3 Nxc3 10. Bxc3 Bxc3+ 11. Nxc3 Nd7 12. Qd2 Re8 13. Be2 Qg5 14. O-O Nf6 15. f4 Qh4 16. Bd3 Ng4 17. h3 Nh6 18. b4 Bd7 19. a4 dxc4 20. Bxc4 Rad8 21. Ne4 Bc8 22. Qf2 Qe7 {Konovalov,N (2463)-Pluzhnik,M (2198) Moscow 2007 1-0 (33)}) ({RR} 8. a3 Nxc3 9. Nxc3 Bd6 10. Bd3 Nd7 11. O-O Qe7 12. e4 dxc4 13. Bxc4 e5 14. d5 Nb6 15. dxc6 Nxc4 16. Nd5 Qg5 17. bxc4 bxc6 18. Ne3 Bc5 19. Re1 Be6 20. Qf3 Rab8 21. Bc1 Qf4 22. Qxf4 exf4 {Shishkov,A (2340)-Amangeldy,E (2097) Almaty KAZ 2022 0-1 (37)}) 8... Qf6 9. Ng3 Nxc3 10. Bxc3 Bxc3+ 11. Qxc3 c5 12. cxd5 cxd4 13. Qxd4 Qxd4 14. exd4 exd5 15. O-O-O Bg4 16. f3 Bd7 17. Kb2 Re8 18. Nh5 Kf8 19. Nf4 Bc6 20. Bd3 Nd7 21. Rhe1 h6 22. h4 Rxe1 23. Rxe1 Re8 24. Rh1 Ke7 25. Kc3 Kd6 26. Kd2 Nf8 27. g4 Ne6 28. Nxe6 Kxe6 29. Re1+ Kf6 30. f4 Rxe1 31. g5+ Ke7 32. Kxe1 Bd7 33. Kf2 1/2-1/2

[Event "Kings Island op 21st"]
[Site "Mason"]
[Date "2012.11.11"]
[Round "4"]
[White "Kaidanov, Gregory S"]
[Black "Mitkov, Nikola"]
[Result "1-0"]
[WhiteElo "2656"]
[BlackElo "2604"]
[PlyCount "69"]
[EventDate "2012.11.09"]
[EventType "swiss"]
[EventRounds "5"]
[EventCountry "USA"]
[SourceTitle "EXT 2018"]
[Source "ChessBase"]
[SourceDate "2017.10.13"]
[SourceVersion "1"]
[SourceVersionDate "2017.10.13"]
[SourceQuality "1"]

1. d4 d5 2. c4 e6 3. Nc3 Bb4 4. a3 Bxc3+ 5. bxc3 Ne7 6. e3 c5 ({RR} 6... O-O 7. Nf3 c5 8. Bd3 dxc4 9. Bxc4 b6 10. O-O Ba6 11. Bxa6 Nxa6 12. a4 Rc8 13. Ba3 Re8 14. Qe2 Nb8 15. Rfd1 Qc7 16. e4 Ng6 17. g3 h6 18. h4 Nd7 19. Rab1 cxd4 20. cxd4 Qc4 21. Qxc4 {Dyachuk,A (2310)-Rasulov,V (2525) chess.com INT 2026 0-1 (35)}) 7. cxd5 ({RR} 7. Nf3 Nbc6 8. a4 O-O 9. Bd3 dxc4 10. Bxc4 Nd5 11. Bd2 b6 12. O-O Bb7 13. Qe2 Na5 14. Ba2 Rc8 15. Rac1 Qd7 16. Ne5 Qxa4 17. Ra1 Qe8 18. Bb1 f6 19. Qd3 Qh5 20. Nd7 c4 21. Qc2 Rfe8 {Caruana,F (2764)-Carlsen,M (2853) chess.com INT 2023 1-0 (77)}) ({RR} 7. Nf3 Qc7 8. cxd5 exd5 9. c4 O-O 10. cxd5 Nxd5 11. Qc2 cxd4 12. Qxc7 Nxc7 13. Nxd4 Ne6 14. Nf5 Nc5 15. Ne7+ Kh8 16. Nxc8 Rxc8 17. Bc4 Nbd7 18. O-O Kg8 19. Bd5 Nb6 20. Bf3 Nc4 21. Rb1 Rab8 {Beliavsky,A (2609)-Mitkov,N (2519) San Cristobal 2012 1-0 (51)}) 7... exd5 8. Ne2 Bf5 9. Ng3 $146 ({RR} 9. f3 O-O 10. g4 Bd7 11. h4 Bb5 12. Kf2 Nd7 13. Rb1 Qa5 14. Bd2 Qa6 15. Qb3 {½-½ (15) Khairullin,I (2606)-Sulava,N (2521) Brescia 2009}) 9... Bg6 10. Bd3 Nbc6 11. O-O O-O 12. a4 Rc8 13. Ba3 Bxd3 14. Qxd3 c4 15. Qb1 Qd7 16. e4 Rfe8 17. Re1 b6 18. Bxe7 Nxe7 19. e5 Rc6 20. f4 Qg4 21. Rf1 h5 22. f5 h4 23. Nh1 g6 24. f6 Nf5 25. h3 Qg5 26. Rf3 a6 27. Ra2 Rb8 28. Rb2 Re6 29. Kh2 Kh7 30. Rbf2 Kg8 31. Rxf5 gxf5 32. Rxf5 Qg6 33. Qf1 Kh7 34. Qf4 Rh8 35. Rg5 1-0

[Event "Tata Steel-A 81st"]
[Site "Wijk aan Zee"]
[Date "2019.01.26"]
[Round "12"]
[White "Radjabov, Teimour"]
[Black "Giri, Anish"]
[Result "1/2-1/2"]
[WhiteElo "2757"]
[BlackElo "2783"]
[PlyCount "63"]
[EventDate "2019.01.12"]
[EventType "tourn"]
[EventRounds "13"]
[EventCountry "NED"]
[EventCategory "21"]
[SourceTitle "CBM 188"]
[Source "ChessBase"]
[SourceDate "2018.12.21"]
[SourceVersion "1"]
[SourceVersionDate "2018.12.21"]
[SourceQuality "1"]

1. d4 d5 2. c4 e6 3. Nc3 Be7 4. cxd5 exd5 5. Bf4 c6 6. e3 Bf5 7. g4 Be6 8. h3 Nd7 9. Bd3 h5 10. gxh5 Ndf6 ({RR} 10... Ngf6 11. h6 g6 12. Qc2 Nh5 13. Bh2 Rxh6 14. O-O-O Ndf6 15. Kb1 Bd6 16. Nf3 Bxh2 17. Rxh2 Ng7 18. Ne5 Bf5 19. f3 Bxd3 20. Rxd3 Ne6 21. e4 Kf8 22. Qb3 Qe7 23. exd5 Nxd5 24. Nxd5 cxd5 25. a3 {Ding Liren (2780)-Giri,A (2749) Wijk aan Zee NED 2024 ½-½ (34)}) 11. h6 ({RR} 11. Be2 Qb6 12. Na4 ({RR} 12. a3 Ne4 13. Na4 Qd8 14. Rh2 Bg5 15. Bxg5 Qxg5 16. Nf3 Qxh5 17. Qb3 Bc8 18. O-O-O) 12... Qa5+ 13. Kf1 Ne4 14. a3 Qd8 15. Nc3 Ngf6 16. Bg4 Qd7 17. Nxe4 dxe4 18. Bxe6 Qxe6 19. Be5 Nxh5 20. Kg2 Rh6 21. Ne2 Rg6+ 22. Ng3 Qf5 23. Qe2 f6 24. Kh2 Nxg3 25. Bxg3 Rh6 {Bayramova,A (1680)-Rusitashvili,T (1826) Almaty 2025 1-0 (78)}) 11... Nxh6 12. Qc2 $146 ({RR} 12. Nf3 Bd6 13. Ne5 Nf5 14. Qc2 g6 15. O-O-O Qc7 16. Rdg1 Ne7 17. Na4 b6 18. Kb1 O-O-O 19. Rc1 Kb7 20. Qe2 Rxh3 21. Rxh3 Bxh3 22. Nxf7 Bxf4 23. Nxd8+ Kb8 24. exf4 Qxd8 25. Qe5+ {1-0 (25) Kushka,A (2170)-Zavgorodniaya,A St Petersburg 2009}) 12... Qd7 13. Nf3 Bf5 14. Ne5 Bxd3 15. Nxd3 Nh5 16. Bh2 Qxh3 17. O-O-O Qf5 18. Qb3 b5 19. f3 O-O 20. e4 Qxf3 21. Ne5 Qe3+ 22. Kb1 b4 23. Nxc6 bxc3 24. Nxe7+ Kh7 25. Rhe1 Qf2 26. Be5 f6 27. Bd6 Rfd8 28. Bc5 Qxb2+ 29. Qxb2 cxb2 30. exd5 Rd7 31. d6 Ng3 32. Kxb2 1/2-1/2

[Event "Bundesliga 1819"]
[Site "Germany"]
[Date "2019.03.01"]
[Round "9.2"]
[White "Salgado Lopez, Ivan"]
[Black "Grandelius, Nils"]
[Result "1/2-1/2"]
[WhiteElo "2624"]
[BlackElo "2678"]
[PlyCount "55"]
[EventDate "2018.11.10"]
[EventType "team-tourn"]
[EventRounds "15"]
[EventCountry "GER"]
[SourceTitle "CBM 189 Extra"]
[Source "ChessBase"]
[SourceDate "2019.06.03"]
[SourceVersion "1"]
[SourceVersionDate "2019.06.03"]
[SourceQuality "1"]
[WhiteTeam "Kiel Turm"]
[BlackTeam "Hamburger SK"]
[WhiteTeamCountry "GER"]
[BlackTeamCountry "GER"]

1. d4 d5 2. c4 e6 3. Nc3 a6 4. cxd5 exd5 5. Nf3 h6 6. Bf4 Nf6 7. e3 Bd6 8. h3 Bxf4 ({RR} 8... O-O 9. Bd3 Re8 10. O-O Nc6 11. Bxd6 Qxd6 12. Rc1 Ne7 13. Qb3 Bf5 14. Ne2 Bxd3 15. Qxd3 Ne4 16. Nf4 c6 17. Ne5 Qd8 18. b4 Nf5 19. a4 Nfd6 20. Qd1 Qb6 21. Nfd3 a5 22. bxa5 Qxa5 23. Ra1 {Robson,R (2659)-Aarav,D (2506) Charlotte USA 2026 1-0 (35)}) 9. exf4 O-O 10. Bd3 Re8+ 11. Ne2 $146 ({RR} 11. Ne5 c5 12. dxc5 Nbd7 13. O-O Nxc5 14. Ne2 Qb6 15. b3 Bd7 16. Nd4 Nxd3 17. Qxd3 Bb5 18. Nxb5 Qxb5 19. Qxb5 axb5 20. Rfc1 Rec8 21. g4 d4 22. Rd1 Rd8 23. Rd3 Ne4 24. Nf3 Nc3 25. Kf1 b4 {Makarian,R (2524)-Nguyen Ngoc Truong Son (2633) chess.com INT 2024 ½-½ (65)}) ({RR} 11. Ne5 c5 12. dxc5 Nbd7 13. O-O Nxc5 14. Ne2 Qb6 15. b3 Bd7 16. Nd4 Nxd3 17. Qxd3 Bb5 18. Nxb5 Qxb5 19. Qxb5 axb5 20. Rfc1 Rec8 21. g4 d4 22. Rd1 Rd8 23. Rd3 Ne4 24. Nf3 Nc3 25. Kf1 b4 {Makarian,R (2524)-Nguyen Ngoc Truong Son (2633) chess.com INT 2024 ½-½ (65)}) 11... c5 12. dxc5 Qa5+ 13. Qd2 Qxc5 14. Rc1 Qb6 15. O-O Nc6 16. Bb1 Bd7 17. b3 Rad8 18. Ned4 Ne4 19. Qb2 Nxd4 20. Qxd4 Qxd4 21. Nxd4 Rc8 22. f3 Nc3 23. Kf2 Kf8 24. Rfe1 Rxe1 25. Kxe1 Nxb1 26. Rxb1 Ke7 27. Kd2 Kd6 28. Re1 1/2-1/2